000 00402 a2200169 4500
001 72084
020 _a
040 _cAnchieta - Colégio São Paulo
100 _aGerulis, Noemia Kuester Pisani
240 1 0 _aA palhinha do presépio
_lpor
245 1 0 _aA palhinha do presépio
300 _a27[2p.]
362 0 _a1985
440 1 _aPaulinas
650 4 _aLiteratura infanto-juvenil
942 _cBK
999 _c72084
_d72084